[Event "Madrid sim"]
[Site "Madrid"]
[Date "2001.??.??"]
[Round "?"]
[White "Karpov, Anatoly"]
[Black "Sanz, Juan Carlos"]
[Result "1-0"]
[WhiteElo "2692"]
[BlackElo "2183"]
[PlyCount "59"]
[EventDate "2001.11.10"]
[EventType "simul"]
[EventRounds "1"]
[EventCountry "ESP"]
[SourceTitle "CBM 085 Extra"]
[Source "ChessBase"]
[SourceDate "2002.01.21"]
[SourceVersion "1"]
[SourceVersionDate "2002.01.21"]
[SourceQuality "1"]

1. d4 Nf6 2. c4 e6 3. Nf3 d5 4. Nc3 c6 5. e3 Be7 6. Bd3 dxc4 7. Bxc4 b5 8. Bd3 a6 9. O-O Bb7 ({RR} 9... Nbd7 10. e4 c5 11. e5 Nd5 12. Nxd5 exd5 13. Qc2 cxd4 14. Bxh7 Nf8 15. Bd3 Qb6 16. Bf4 Ne6 17. Bg3 Bb7 18. Rad1 Rc8 19. Qe2 Rc5 20. Bf5 Rc4 21. b3 d3 22. Qxd3 Nc5 23. Qe3 d4 24. Nxd4 {Mirzoev,A (2494)-Esquivel Golcher,L (2288) Linares 2002 1-0}) 10. e4 O-O 11. Qc2 ({RR} 11. Bg5 Nbd7 12. e5 Nd5 13. Bxe7 Qxe7 14. Ne4 Rfd8 15. Nfg5 Nf8 16. Qg4 f5 17. exf6 Nxf6 18. Nxf6+ Qxf6 19. Rad1 g6 20. Ne4 Qg7 21. Bc2 Rxd4 22. Nf6+ Qxf6 23. Qxd4 Qxd4 24. Rxd4 c5 25. Rd6 Bd5 {Yuksel,F (1869)-Aydinli,H (1750) Denizli 2025 1-0 (55)}) 11... h6 12. e5 $146 ({RR} 12. a3 c5 13. dxc5 Bxc5 14. b4 Bb6 15. Bb2 Nc6 16. e5 Nd5 17. Nxd5 exd5 18. Rad1 Qe7 19. Qe2 Rfe8 20. Bb1 d4 21. Qd3 g6 22. Ba2 Kh7 23. Rfe1 Rad8 24. h4 Bc8 25. Qe4 Qb7 26. Qf4 Bf5 {Steinbacher,C (2148)-Duppel,T (2159) Germany 2003 1-0 (34)}) ({RR} 12. Be3 Nbd7 13. h3 c5 14. dxc5 Nxc5 15. Bxc5 Bxc5 16. Nxb5 axb5 17. e5 Nh5 18. Be4 Bxe4 19. Qxe4 Ng3 {0-1 (19) Gadiev,R-Grigorieva,Y (1779) Satka 2014}) 12... Nd5 13. Nxd5 cxd5 14. Bf4 Re8 15. Qd2 Bf8 16. h4 h5 17. Bg5 Be7 18. Rae1 Nc6 19. Qf4 Rc8 20. Re2 Qd7 21. g4 hxg4 22. Qxg4 Bxg5 23. Nxg5 g6 24. Re3 Ne7 25. h5 Nf5 26. Rh3 Nh6 27. Qf4 Nf5 28. Kh2 Kg7 29. hxg6 Kxg6 30. Rg1 1-0

[Event "Tilburg"]
[Site "Tilburg"]
[Date "1993.??.??"]
[Round "4"]
[White "Karpov, Anatoly"]
[Black "Kaidanov, Gregory S"]
[Result "1/2-1/2"]
[WhiteElo "2760"]
[BlackElo "2640"]
[PlyCount "92"]
[EventDate "1993.11.??"]
[EventType "k.o."]
[EventRounds "7"]
[EventCountry "NED"]
[SourceTitle "CBM 039"]
[Source "ChessBase"]
[SourceDate "1994.04.01"]
[SourceVersion "1"]
[SourceVersionDate "1994.04.01"]
[SourceQuality "1"]

1. d4 d5 2. c4 c6 3. Nc3 Nf6 4. e3 e6 5. Nf3 Nbd7 6. Qc2 Bd6 7. Be2 O-O 8. O-O b6 9. e4 Nxe4 10. Nxe4 dxe4 11. Qxe4 Bb7 12. Bd3 g6 13. Bh6 Re8 14. Rad1 f5 15. Qe3 c5 16. Be2 Qe7 $146 ({RR} 16... Qf6 17. dxc5 Bxc5 18. Qd2 Nf8 19. Bg5 Qg7 20. b4 Be7 21. Bxe7 Rxe7 22. c5 bxc5 23. bxc5 Rc8 24. Rc1 Rec7 25. Qe3 Qe7 26. Ne5 Rxc5 27. f4 Rxc1 28. Rxc1 Qb4 29. Kf2 Rxc1 30. Qxc1 Bd5 31. a3 {Baikov,V (2345)-Yagupov,I (2415) Moscow 1995 0-1 (53)}) 17. Bg5 Qg7 18. Qc3 Be7 19. Bxe7 Rxe7 20. Rfe1 Rae8 21. h3 e5 22. dxc5 Nxc5 23. b4 Bxf3 24. Bxf3 e4 25. Qxg7+ Kxg7 26. Be2 Na4 27. Rc1 Nb2 28. Rc3 Rd8 29. c5 bxc5 30. bxc5 Rc7 31. c6 Kf6 32. Rb1 Rd2 33. Kf1 Na4 34. Ra3 Nc5 35. Rc1 Nd3 36. Bxd3 exd3 37. g4 fxg4 38. hxg4 Ke6 39. Kg2 Rc2 40. Rxc2 dxc2 41. Rc3 Kd5 42. Rxc2 Rxc6 43. Re2 Kd6 44. Kg3 g5 45. f3 h6 46. Rd2+ Ke5 1/2-1/2

[Event "Leon"]
[Site "Leon"]
[Date "1993.??.??"]
[Round "2"]
[White "Karpov, Anatoly"]
[Black "Morovic Fernandez, Ivan"]
[Result "1/2-1/2"]
[WhiteElo "2725"]
[BlackElo "2570"]
[PlyCount "174"]
[EventDate "1993.05.??"]
[EventType "tourn"]
[EventRounds "9"]
[EventCountry "ESP"]
[EventCategory "12"]
[SourceTitle "CBM 036"]
[Source "ChessBase"]
[SourceDate "1993.10.01"]
[SourceVersion "1"]
[SourceVersionDate "1993.10.01"]
[SourceQuality "1"]

1. d4 d5 2. c4 c6 3. Nc3 Nf6 4. e3 e6 5. Nf3 Nbd7 6. Qc2 Bd6 7. Be2 O-O 8. O-O Re8 9. b3 Qe7 10. Rd1 b6 11. e4 dxe4 12. Nxe4 Nxe4 13. Qxe4 Bb7 14. Ne5 Nf6 15. Qe3 c5 16. Bb2 Rad8 17. Bf3 cxd4 18. Bxd4 Bxf3 19. Qxf3 Qc7 20. Nc6 Rd7 21. Bxf6 gxf6 22. Nxa7 $146 ({RR} 22. g3 Rc8 23. Nd4 a6 24. Rd3 Be5 25. Rad1 Rcd8 26. Nc2 Rxd3 27. Rxd3 Rxd3 28. Qxd3 f5 29. Kf1 Kf8 30. Ke2 Ke7 31. Qe3 b5 32. Nb4 bxc4 33. f4 cxb3 34. axb3 a5 35. Nd3 Qc2+ 36. Kf1 Bc7 {Giorgadze,G (2525)-Kramnik,V (2590) Manila 1992 0-1 (61)}) 22... Red8 23. Nb5 Bxh2+ 24. Kh1 Qf4 25. Rxd7 Rxd7 26. Qxf4 Bxf4 27. g3 Be5 28. Rg1 f5 29. Re1 Bf6 30. Re2 Kf8 31. Kg2 Ke7 32. Rc2 Kd8 33. b4 Be7 34. a3 Rd3 35. Kf1 Kc8 36. Ke2 Rb3 37. Rd2 h5 38. f3 f4 39. gxf4 h4 40. Kf2 Rb1 41. Rc2 Rb3 42. Re2 Kd7 43. Rd2+ Kc8 44. Kg2 Bf8 45. Rd4 Be7 46. f5 Rb2+ 47. Kh3 Rb3 48. Kg2 Rb2+ 49. Kh3 Rb3 50. Kg4 exf5+ 51. Kf4 h3 52. Rd2 Bf8 53. Rh2 Rxa3 54. Rxh3 Ra8 55. Rh8 Kb7 56. Rh7 Rc8 57. Rxf7+ Kb8 58. Ke5 Bxb4 59. Kd5 Rf8 60. Rxf8+ Bxf8 61. Nd4 Kb7 62. Nxf5 Kc7 63. Nd4 Kd7 64. Nc6 Bg7 65. Ne5+ Ke7 66. Ng4 Bc3 67. Nf2 Kd7 68. Ne4 Bb2 69. Nd6 Bg7 70. Nf7 Bc3 71. Ne5+ Ke7 72. Ng4 Kd7 73. f4 Ke7 74. f5 Bb2 75. Ne3 Kd7 76. Nd1 Bg7 77. Nf2 Bc3 78. Nd3 Kc7 79. Nf4 Kd7 80. Ne6 Bb2 81. Nf8+ Ke7 82. Ng6+ Kd7 83. Ne5+ Ke7 84. Ng4 Bc3 85. f6+ Kf7 86. Kc6 Bd4 87. Kd6 Bc3 1/2-1/2

[Event "World Cup qual"]
[Site "Khanty-Mansiysk"]
[Date "2007.10.15"]
[Round "3"]
[White "Pozin, Sergey"]
[Black "Karpov, Alexander"]
[Result "1-0"]
[WhiteElo "2452"]
[BlackElo "2330"]
[PlyCount "67"]
[EventDate "2007.10.14"]
[EventType "tourn"]
[EventRounds "13"]
[EventCountry "RUS"]
[EventCategory "5"]
[SourceTitle "CBM 121 Extra"]
[Source "ChessBase"]
[SourceDate "2008.01.10"]
[SourceVersion "1"]
[SourceVersionDate "2008.01.10"]
[SourceQuality "1"]

1. d4 d5 2. Nf3 e6 3. c4 c6 4. e3 Nd7 5. Nc3 Ngf6 6. Qc2 Bd6 7. Be2 O-O 8. O-O dxc4 9. a4 b6 ({RR} 9... e5 10. Bxc4 exd4 11. exd4 Nb6 12. Bb3 Nbd5 13. Bg5 Be6 14. Nxd5 cxd5 15. Qd3 Be7 16. Ne5 Ne4 17. Bxe7 Qxe7 18. f3 Nd6 19. Rfe1 Rac8 20. a5 Qg5 21. Rad1 Rfd8 22. g3 Nc4 23. Bc2 g6 24. Nxc4 {Mamedyarov,S (2804)-Matlakov,M (2718) Wijk aan Zee 2018 ½-½}) ({RR} 9... Qe7 10. Bxc4 b6 11. Bd3 Bb7 12. Ng5 h6 13. Nge4 Bc7 14. a5 Rac8 15. axb6 axb6 16. Ra7 Rb8 17. b4 Nd5 18. Nxd5 exd5 19. Ng3 b5 20. e4 Bb6 21. Nf5 Qe6 22. Rxb7 Rxb7 23. e5 Ra8 24. Qe2 {Paravyan,D (2582)-Federer,C (2232) chess.com INT 2026 1-0 (34)}) 10. Rd1 $146 ({RR} 10. Bxc4 Bb7 11. b3 Rc8 12. Bb2 c5 13. Rad1 Bxf3 14. gxf3 cxd4 15. Rxd4 Ne5 16. Qd1 Nd5 17. Bxd5 exd5 18. f4 Qf6 19. fxe5 Bxe5 20. Nxd5 Qh6 21. Nf4 Bxd4 22. Bxd4 Rfd8 23. Qg4 Rc2 24. Qg3 f6 {Titze,L (2219)-Pegno,M (2120) Vasto ITA 2024 1-0 (85)}) ({RR} 10. Bxc4 Bb7 11. b3 Rc8 12. Bb2 c5 13. Rad1 Bxf3 14. gxf3 cxd4 15. Rxd4 Ne5 16. Qd1 Nd5 17. Bxd5 exd5 18. f4 Qf6 19. fxe5 Bxe5 20. Nxd5 Qh6 21. Nf4 Bxd4 22. Bxd4 Rfd8 23. Qg4 Rc2 24. Qg3 f6 {Titze,L (2219)-Pegno,M (2120) Vasto ITA 2024 1-0 (85)}) 10... Qe7 11. Bxc4 e5 12. d5 cxd5 13. Nxd5 Nxd5 14. Bxd5 Rb8 15. e4 h6 16. Qc6 Nc5 17. Qxd6 Qxd6 18. Bxf7+ Kxf7 19. Rxd6 Re8 20. Be3 Nxe4 21. Rd5 Bb7 22. Rxe5 Nf6 23. Rxe8 Rxe8 24. Nd4 Nd5 25. a5 bxa5 26. Rxa5 a6 27. Nf5 Re6 28. h3 Rf6 29. g4 Nxe3 30. Nxe3 Rc6 31. Kh2 Rc1 32. h4 Ke6 33. Kg3 g6 34. Kf4 1-0

[Event "World-ch30-KK1 Karpov-Kasparov +5-3=40"]
[Site "Moscow"]
[Date "1984.12.17"]
[Round "33"]
[White "Karpov, Anatoly"]
[Black "Kasparov, Garry"]
[Result "1/2-1/2"]
[WhiteElo "2700"]
[BlackElo "2710"]
[PlyCount "39"]
[EventDate "1984.09.10"]
[EventType "match"]
[EventRounds "48"]
[EventCountry "URS"]
[SourceTitle "MainBase"]
[Source "ChessBase"]
[SourceDate "1999.07.01"]
[SourceVersion "2"]
[SourceVersionDate "1999.07.01"]
[SourceQuality "1"]

1. Nf3 d5 2. d4 Nf6 3. c4 e6 4. Nc3 c6 5. e3 Nbd7 6. Qc2 Bd6 7. e4 e5 8. cxd5 cxd5 9. exd5 exd4 10. Nxd4 O-O 11. Be2 Nb6 12. O-O Nbxd5 13. Nxd5 Nxd5 14. Rd1 Qe7 15. Bf3 Re8 16. g3 Bh3 17. Bd2 Bc5 $146 ({RR} 17... Be5 18. Qe4 Nf6 19. Qh4 Bxd4 20. Qxd4 Rad8 21. Qb4 {½-½ (21) Claverie,C (2392)-Todorovic,G (2482) Budapest 2002}) 18. Bxd5 Bxd4 19. Bc3 Bxc3 20. Qxc3 1/2-1/2

[Event "FIDE-Wch"]
[Site "Elista"]
[Date "1996.06.26"]
[Round "11"]
[White "Karpov, Anatoly"]
[Black "Kamsky, Gata"]
[Result "1/2-1/2"]
[WhiteElo "2770"]
[BlackElo "2735"]
[Annotator "Ftacnik,Lubomir"]
[PlyCount "132"]
[EventDate "1996.06.06"]
[EventType "match"]
[EventRounds "18"]
[EventCountry "RUS"]
[SourceTitle "CBM 054"]
[Source "ChessBase"]
[SourceDate "1996.10.01"]
[SourceVersion "1"]
[SourceVersionDate "1996.10.01"]
[SourceQuality "1"]

1. d4 {Hecht} d5 2. c4 c6 3. Nf3 Nf6 4. Nc3 e6 5. e3 Nbd7 6. Qc2 Bd6 7. Be2 O-O 8. O-O Re8 9. Rd1 Qe7 10. a3 b6 11. e4 Nxe4 12. Nxe4 dxe4 13. Qxe4 Bb7 14. Bf4 (14. Bg5 Nf6 (14... Qf8 $6 15. Ne5 $1 $16) (14... f6 $5 15. Bf4 $1 e5 16. Be3 Nf8 17. Qc2) 15. Qh4 h6 (15... Rad8 16. Bd3 c5 (16... h6 17. Bxh6 $1 gxh6 18. Qxh6 Rd7 19. Ng5 Qd8 20. Bh7+ Nxh7 21. Nxh7 f5 22. Nf6+ Kf7 23. Nxd7 $18) 17. Bxh7+ {1-0 Gladishev,O-Feher,G/Budapest Spring op (05)/1994/}) (15... c5 $5) 16. Bf4 Bxf4 $6 (16... c5 $1 17. dxc5 Bxf4 18. Qxf4 e5 $1 19. Qe3 Ng4 20. Qc3 Qxc5 21. Qe1 Rad8 22. b4 Qc6 $10) 17. Qxf4 c5 18. Ne5 $14 {1-0 Cifuentes Parada,R-Kadimova,I/Linares op/1996/ (35)}) (14. Ne5 f5 (14... Nf6 15. Qh4 Nd7 16. Qe4 Nf6 17. Qh4 {½-½ Savon,V-Bykhovsky,Av/Kurgan/1993/}) (14... Nxe5 15. dxe5 Bc7 $13) 15. Qe3 Rad8 16. b4 c5 17. Bb2 cxb4 18. Nxd7 bxa3 19. Bxa3 Bxa3 20. Qxa3 Qxa3 21. Rxa3 Rxd7 22. Rxa7 Red8 23. Rb1 Be4 24. Rxd7 Rxd7 25. Rxb6 Rxd4 26. f3 Bd3 27. Bxd3 Rxd3 28. Rxe6 {Dydyshko,V-Tisdall,J/Moscow olm (02)/1994/½-½ (55)}) (14. Bd3 f5 15. Qe2 c5 16. Bc2 Rad8 17. dxc5 Nxc5 18. Be3 Qf6 19. Bxc5 bxc5 20. Ba4 Rf8 21. Re1 Be4 22. Bc2 Bxf3 23. Qxf3 Qxb2 {Bezold,M-Bykhovsky,Av/Tel Aviv ASA (02)/1994/½-½ (64)}) 14... Bxf4 15. Qxf4 c5 (15... e5 $1 16. dxe5 Nxe5 17. Nxe5 Qxe5 18. Qxe5 Rxe5 19. Bf3 Rae8 $10 (19... Re7 20. c5 $14)) 16. Qc7 Rab8 (16... Nf6 17. Qxe7 Rxe7 18. dxc5 bxc5 19. Ne5 a5 20. Rd6 $14) 17. b4 $1 (17. Ne5 Nxe5 18. Qxe7 Nf3+ (18... Rxe7 19. dxe5 $14) 19. gxf3 (19. Bxf3 Rxe7 20. Bxb7 Rexb7 $10) 19... Rxe7 20. dxc5 (20. b4 $5) 20... bxc5 21. b4 Kf8 (21... cxb4 22. axb4 $14) 22. Rd2 (22. bxc5 Rc7 23. Rab1 Rbc8 $10) 22... Rc7 23. f4 Ke7 24. f3 {½-½ Dokhoian,Y-Bangiev,A/BL 9293/1993/ (45)}) (17. dxc5 Nxc5 18. Qxe7 Rxe7 19. b4 Ne4 20. Rd3 e5 $5 21. Rad1 f6 $13) 17... Rec8 18. Qf4 Bxf3 $146 (18... cxb4 19. axb4 Qxb4 20. Rxa7 $14) ({RR} 18... cxd4 19. Nxd4 e5 20. Nf5 Qf6 21. Qg4 Nf8 22. Nd6 Rd8 23. c5 bxc5 24. bxc5 Ne6 25. Bc4 Bc6 26. Bxe6 fxe6 27. f3 Bd5 28. Rac1 {1-0 (28) Neiman,E (2330)-Marzolo,C (2200) Auxerre 1996}) 19. Bxf3 cxd4 (19... cxb4 20. axb4 Rxc4 21. Rxa7 Rd8 22. b5 $14) 20. Qxd4 Rc7 21. Be2 Rbc8 22. Ra2 h6 23. Rad2 Nf6 24. Qe5 Rd7 $1 25. Rxd7 Nxd7 26. Qd4 Nf6 27. h3 (27. f4 Kf8 28. h3 $14) 27... Kf8 28. Rc1 Nd7 29. Bf3 e5 $6 (29... a5 $1 30. Qc3 (30. bxa5 bxa5 31. Qc3 Qc5) 30... axb4 31. axb4 Qf6 $10) 30. Qd3 g6 31. Rd1 Rc7 32. Be2 $1 (32. Bd5 Nf6 $10) 32... Kg7 33. Qc3 Nf6 34. Qe3 h5 35. Bf1 Rc6 36. Rc1 Qd6 $6 (36... a5 $1 37. Qe1 axb4 38. axb4 Rc7 $10) 37. g3 Nd7 38. c5 $1 bxc5 39. Bb5 Rc7 40. Bxd7 Rxd7 41. Rxc5 f6 42. h4 Qe6 43. Kh2 Qa6 44. Qf3 Qf1 $2 (44... Rf7 45. Rc6 Qb5 $14) 45. Rc6 Rf7 46. Qe3 $2 (46. a4 Qa1 47. Ra6 Qd4 48. b5 e4 $5 49. Qe3 Qxe3 50. fxe3 $16) 46... Qb5 $1 47. Qc5 $6 (47. Qf3 $14) 47... Qxc5 48. Rxc5 {Hecht:  ab Zug 61 T+f+g vs T+e mit anfälligem sBe5} g5 $1 49. hxg5 fxg5 50. Kg2 (50. Rxe5 Rxf2+ 51. Kg1 Rf3 52. Rxg5+ Kh6 53. Ra5 Rxg3+ 54. Kh2 Rg7 $10) 50... Kf6 51. b5 Kf5 52. a4 h4 53. a5 Rb7 $2 (53... Rh7 $1 54. Rc4 (54. gxh4 Rxh4 $10) 54... h3+ 55. Kh2 g4 56. b6 axb6 57. axb6 Rb7 58. Rb4 Kg5 59. Rb5 Kf5 60. Kh1 Kf6 $10) 54. f3 Ke6 $6 (54... Rh7) 55. b6 $1 axb6 56. Rb5 h3+ 57. Kxh3 (57. Kh2 $5) 57... Rh7+ 58. Kg4 bxa5 59. Rxa5 Rb7 $1 (59... Kf6 $2 60. Ra6+ Kf7 61. Ra7+ Kg6 62. Rxh7 $18) (59... Rg7 60. Ra6+ Kd5 61. Rf6 e4 62. Rf5+ Kd4 63. fxe4 Kxe4 64. Rxg5 Ra7 65. Rg8 $18) 60. Ra6+ Ke7 $1 (60... Kf7 $4 61. Kxg5 Rb3 62. Rf6+ Kg7 63. g4 $18) 61. Kxg5 Rb3 62. Kg4 (62. Rf6 e4 $1 $10) 62... Kf7 63. Rh6 Ra3 64. Rh5 Kf6 65. Rf5+ Ke6 66. Kg5 e4 (66... e4 67. Kg4 Rxf3 68. Rxf3 exf3 69. Kxf3 Kf5 $10) 1/2-1/2

[Event "Amsterdam Euwe Memorial"]
[Site "Amsterdam"]
[Date "1991.??.??"]
[Round "2"]
[White "Karpov, Anatoly"]
[Black "Kortschnoj, Viktor Lvovich"]
[Result "1/2-1/2"]
[WhiteElo "2725"]
[BlackElo "2615"]
[PlyCount "38"]
[EventDate "1991.05.??"]
[EventType "tourn"]
[EventRounds "9"]
[EventCountry "NED"]
[EventCategory "16"]
[SourceTitle "CBM 023"]
[Source "ChessBase"]
[SourceDate "1991.08.01"]
[SourceVersion "1"]
[SourceVersionDate "1991.08.01"]
[SourceQuality "1"]

1. d4 {Lutz,Christopher} Nf6 2. c4 e6 3. Nf3 d5 4. Nc3 c6 5. e3 Nbd7 6. Qc2 Bd6 7. Be2 O-O 8. O-O e5 9. cxd5 cxd5 10. Nb5 Bb8 11. dxe5 Nxe5 12. Bd2 Bg4 13. Nbd4 Ne4 ({RR} 13... Nxf3+ 14. Bxf3 Qd6 15. g3 Bxf3 16. Nxf3 Ne4 17. Bc3 Rc8 18. Qb3 Nc5 19. Qb4 Qe6 20. Qd4 f6 21. Rad1 Ne4 22. Qxd5 Qxd5 23. Rxd5 Bd6 24. Rfd1 Bf8 25. Rd7 b6 26. Nd4 Nxc3 27. bxc3 Rxc3 28. Ne6 {Le,Q (2709)-Nguyen,N (2613) Ho Chi Minh City 2014 0-1 (63)}) ({RR} 13... Qd6 14. Nxe5 Qxe5 15. g3 Bh3 16. Rfd1 Ne4 17. Bc3 Qg5 18. Bf3 Nf6 19. Ne2 Rc8 20. Nf4 Bf5 21. Qb3 Be4 22. Bxf6 Qxf6 23. Bxe4 dxe4 24. Nd5 Qe5 25. Qxb7 Bd6 26. Rac1 Rcb8 27. Qc6 Bf8 28. b3 {Gong,S (2404)-Nguyen Hong Anh (2010) chess.com INT 2026 1-0 (51)}) 14. Bb4 Re8 15. Rad1 $146 ({RR} 15. Nxe5 Bxe2 16. Qxe2 Bxe5 17. Rfd1 Qb6 18. Ba3 ({RR} 18. Qe1 Rac8) ({RR} 18. Bc3 Nxc3 19. bxc3) 18... Rad8 ({RR} 18... Bxd4 19. Rxd4 ({RR} 19. exd4 Nc3) 19... Ng3 20. Qd2 ({RR} 20. hxg3 Qxd4) 20... Ne2+ 21. Qxe2 Qxd4) 19. Rac1 g6 ({RR} 19... Bxd4) 20. Qc2 Qa6 21. h3 Kg7 22. Qb3 Qf6 23. Rc2 Rc8 24. Nf3 Bd6 25. Rxd5 ({RR} 25. Bxd6 Qxd6 26. Rdc1) 25... Bxa3 26. bxa3 Qa1+ 27. Kh2 Rxc2 28. Rd7 ({RR} 28. Qxc2 Qf1) 28... Qxa2 {0-1 (28) Van der Sterren,P (2535)-Kuijf,M (2470) Amsterdam 1996 CBM 054 [Lutz,Christopher]}) ({RR} 15. Nxe5 Bxe2 16. Qxe2 Bxe5 17. Nf3 Bf6 18. Qd3 Bxb2 19. Rab1 Bf6 {½-½ (19) Adianto,U (2615)-Khalifman,A (2660) Tallinn/Parnu 1998}) 15... Qb6 16. Nxe5 Bxe2 17. Nxe2 Bxe5 18. Bc3 Qc7 19. h3 Qc4 1/2-1/2

[Event "Koszalin sim1"]
[Site "Koszalin"]
[Date "1997.??.??"]
[Round "?"]
[White "Karpov, Anatoly"]
[Black "Popczynski, Przemyslaw"]
[Result "1-0"]
[WhiteElo "2745"]
[BlackElo "2135"]
[PlyCount "75"]
[EventDate "1997.??.??"]
[EventType "simul"]
[EventRounds "1"]
[EventCountry "POL"]
[SourceTitle "EXT 1998"]
[Source "ChessBase"]
[SourceDate "1997.11.17"]
[SourceVersion "1"]
[SourceVersionDate "1997.11.17"]
[SourceQuality "1"]

1. Nf3 Nf6 2. c4 e6 3. Nc3 d5 4. d4 c6 5. e3 Bd6 6. Bd3 O-O 7. O-O dxc4 8. Bxc4 b5 9. Bd3 a6 ({RR} 9... Bb7 10. Ne5 Nbd7 11. f4 b4 12. Ne4 Nxe4 13. Bxe4 Rc8 14. Bd2 Nf6 15. Bd3 Qb6 16. Qe2 c5 17. Nc4 Qc7 18. Nxd6 Qxd6 19. dxc5 Qxc5 20. Rac1 Qb6 21. Kh1 a5 22. e4 Rxc1 23. Bxc1 Rd8 24. f5 {Sultana,S (1948)-Santos,A (2116) chess.com INT 2026 0-1 (40)}) 10. e4 Be7 11. Bg5 Bb7 12. e5 $146 ({RR} 12. Rc1 Nbd7 13. e5 Nd5 14. Bxe7 Qxe7 15. Nxd5 exd5 16. Bf5 Rac8 17. Re1 Qd8 18. Qd3 g6 19. Bxd7 Qxd7 20. Qe3 Kg7 21. Ng5 Qe7 22. f4 h6 23. Nh3 f5 24. Nf2 Rc7 25. Nd3 Bc8 26. Rc5 Re8 {Berg,M (2279)-Stachnik,A (2133) NRW 2001 1-0}) 12... Nd5 13. Ne4 f6 14. exf6 gxf6 15. Bh6 Rf7 16. Rc1 f5 17. Nc5 Bxc5 18. dxc5 Nd7 19. Re1 Qf6 20. Bg5 Qg6 21. Bh4 Rg7 22. g3 Qh6 23. Kh1 Rg6 24. a3 Qg7 25. Qe2 Rf8 26. b4 Bc8 27. Qc2 Kh8 28. Re2 Rg8 29. Rce1 Nf8 30. Ne5 Rh6 31. Qb2 Nf6 32. Bxf6 Rxf6 33. f4 Ng6 34. Nf3 Rd8 35. Bb1 Nf8 36. Kg1 Rg6 37. Ne5 Qh6 38. Nf7+ 1-0

[Event "Karelian Winter op (4R)"]
[Site "Petrozavodsk"]
[Date "2009.12.19"]
[Round "4"]
[White "Karpov, Alexander N"]
[Black "Shanchuk, Ivan A"]
[Result "1/2-1/2"]
[WhiteElo "1944"]
[BlackElo "1819"]
[PlyCount "42"]
[EventDate "2009.12.19"]
[EventType "swiss"]
[EventRounds "4"]
[EventCountry "RUS"]
[SourceTitle "EXT 2022"]
[Source "ChessBase"]
[SourceDate "2021.10.06"]
[SourceVersion "1"]
[SourceVersionDate "2021.10.06"]
[SourceQuality "1"]

1. d4 d5 2. c4 e6 3. Nf3 Nf6 4. e3 c6 5. Bd3 Bd6 6. O-O O-O 7. Nc3 Nbd7 8. cxd5 exd5 9. e4 dxe4 10. Nxe4 Nb6 $146 ({RR} 10... Nxe4 11. Bxe4 f5 12. Bc2 Nf6 13. Bb3+ Kh8 14. Ne5 Ng4 15. Nf3 f4 16. h3 Nh6 17. d5 c5 18. Bc4 Bf5 19. Qb3 Rb8 20. a4 Qf6 21. Re1 Nf7 22. Qc3 Qh6 23. b3 Ng5 24. Nxg5 Qxg5 25. Qf3 {Eriksson,B-Nilsson,O Gothenburg 1920 0-1 (63)}) ({RR} 10... Nxe4 11. Bxe4 h6 12. Bc2 Re8 13. Qd3 Nf8 14. h3 Be6 15. Re1 Qc7 16. Bd2 Rad8 17. Bb3 Qd7 18. Rad1 Bc7 19. Bc1 Bxb3 20. Qxb3 Bb6 21. Rxe8 Qxe8 22. Be3 Rd5 23. Qc2 Ne6 24. b4 Qd8 25. Qc4 {Beggi,P (2235)-Novikov,I (2545) Forli 1993 0-1 (40)}) ({RR} 10... Nxe4 11. Bxe4 Nf6 12. Bc2 h6 13. Ne5 Nd5 14. Qd3 f5 15. Qg3 Qf6 16. f4 Be6 17. Bd2 Rae8 18. Rae1 Nb4 19. Bxb4 Bxb4 20. Rd1 Rd8 21. Bb3 Bd5 22. Bxd5+ Rxd5 23. Qb3 Ba5 24. Qxb7 Bb6 25. Qxc6 {Sovetbekova,N (1940)-Biastoch,B (2213) chess.com INT 2025 0-1 (67)}) ({RR} 10... Nxe4 11. Bxe4 Nf6 12. Re1 Re8 13. Bc2 Bg4 14. Bg5 Rxe1+ 15. Qxe1 Bxf3 16. gxf3 h6 17. Bh4 Be7 18. Kh1 Qd7 19. Bg3 Re8 20. Qd2 Qd5 21. Bd1 Rd8 22. Kg1 Qxd4 23. Qxd4 Rxd4 24. Be5 Rd7 25. Bc3 {Lazareva,M-Zhevna,Y (1947) Chess.com INT 2021 0-1 (57)}) 11. Nxd6 Qxd6 12. h3 Be6 13. Be3 Rad8 14. Ng5 h6 15. Nxe6 fxe6 16. Bc2 Nfd5 17. Qd3 Nf6 18. Bxh6 gxh6 19. Qg6+ Kh8 20. Qxh6+ Kg8 21. Qg6+ Kh8 1/2-1/2

[Event "Reggio Emilia-A 9192 34th"]
[Site "Reggio Emilia"]
[Date "1992.??.??"]
[Round "5"]
[White "Karpov, Anatoly"]
[Black "Gurevich, Mikhail"]
[Result "1-0"]
[WhiteElo "2730"]
[BlackElo "2630"]
[PlyCount "91"]
[EventDate "1991.12.??"]
[EventType "tourn"]
[EventRounds "9"]
[EventCountry "ITA"]
[EventCategory "18"]
[SourceTitle "CBM 027"]
[Source "ChessBase"]
[SourceDate "1992.04.01"]
[SourceVersion "1"]
[SourceVersionDate "1992.04.01"]
[SourceQuality "1"]

1. d4 d5 2. c4 c6 3. Nf3 Nf6 4. Nc3 e6 5. e3 Nbd7 6. Qc2 Bd6 7. b3 O-O 8. Be2 dxc4 9. bxc4 e5 10. O-O Re8 11. Rd1 Qe7 12. Rb1 e4 13. Nd2 Nf8 14. Nf1 Ng6 15. a4 Nh4 16. Ng3 Nf5 17. Rb3 Nxg3 18. hxg3 h5 19. c5 Bc7 20. d5 ({RR} 20. Ba3 h4 21. d5 Bxg3 22. fxg3 hxg3 23. Kf1 Ng4 24. Bxg4 Bxg4 25. Ke1 Qg5 26. Ne2 cxd5 27. Bb2 Re6 28. Nf4 Bxd1 29. Qxd1 Rh6 30. Qxd5 Rh1+ {0-1 (30) Lputian,S (2585)-Sveshnikov,E (2525) Tilburg 1992}) 20... Be5 $146 ({RR} 20... cxd5 21. Nxd5 Nxd5 22. Rxd5 Be6 23. Qxe4 Bxd5 24. Qxd5 Qe5 25. Qxe5 Rxe5 26. Rxb7 Rxc5 27. Ba3 Rc3 28. Bb2 Rc2 29. Bd1 Rc5 30. Ba3 Rc3 31. Bb2 Rc5 32. Ba3 Rc3 33. Bb2 {½-½ (33) Belotti,B (2410)-Pinter,J (2580) France 1993}) 21. Nxe4 Nxd5 22. Nd6 Bxd6 23. cxd6 Qxd6 24. Bxh5 Qh6 25. Bf3 Nf6 26. Rd6 Qg5 27. Bb2 a5 28. Qd2 Nd5 29. Bxd5 cxd5 30. Rxd5 Qg6 31. Rbb5 f6 32. Bc3 Be6 33. Rd4 Rac8 34. e4 Qf7 35. Bxa5 Rc6 36. f3 Kh7 37. g4 Rec8 38. Rh5+ Kg6 39. e5 Rc5 40. Rd6 Qe7 41. Bd8 Rxd8 42. Rxd8 Qc7 43. Qd6 Qa5 44. exf6 Qe1+ 45. Kh2 Rd5 46. Qe7 1-0